<?xml version="1.0" encoding="UTF-8"?>
<record
    xmlns:xsi="http://www.w3.org/2001/XMLSchema-instance"
    xsi:schemaLocation="http://www.loc.gov/MARC21/slim http://www.loc.gov/standards/marcxml/schema/MARC21slim.xsd"
    xmlns="http://www.loc.gov/MARC21/slim">

  <leader>00387nam a22001097a 4500</leader>
  <datafield tag="040" ind1=" " ind2=" ">
    <subfield code="c">RUA</subfield>
  </datafield>
  <datafield tag="082" ind1=" " ind2=" ">
    <subfield code="a">GEF JUN 2014 C332 Or.</subfield>
  </datafield>
  <datafield tag="100" ind1=" " ind2=" ">
    <subfield code="a">SAY SAMAL,&#x179F;&#x17B6;&#x1799; &#x179F;&#x17C6;&#x17A2;&#x17B6;&#x179B;&#x17CB;</subfield>
  </datafield>
  <datafield tag="245" ind1=" " ind2=" ">
    <subfield code="a">Report of Shoreline Assessment,&#x179A;&#x1794;&#x17B6;&#x1799;&#x1780;&#x17B6;&#x179A;&#x178E;&#x17CD;&#x179F;&#x17D2;&#x178F;&#x17B8;&#x1796;&#x17B8;&#x1780;&#x17B6;&#x179A;&#x179C;&#x17B6;&#x1799;&#x178F;&#x1798;&#x17D2;&#x179B;&#x17C3;&#x1786;&#x17D2;&#x1793;&#x17C1;&#x179A;&#x179F;&#x1798;&#x17BB;&#x1791;&#x17D2;&#x179A;</subfield>
  </datafield>
  <datafield tag="260" ind1=" " ind2=" ">
    <subfield code="a">xvii.165p.</subfield>
    <subfield code="b">ill.</subfield>
    <subfield code="c">29cm.</subfield>
  </datafield>
  <datafield tag="942" ind1=" " ind2=" ">
    <subfield code="c">REC</subfield>
  </datafield>
  <datafield tag="999" ind1=" " ind2=" ">
    <subfield code="c">22047</subfield>
    <subfield code="d">22047</subfield>
  </datafield>
  <datafield tag="952" ind1=" " ind2=" ">
    <subfield code="0">0</subfield>
    <subfield code="1">0</subfield>
    <subfield code="4">0</subfield>
    <subfield code="6">GEF_JUN_2014_000000000000000_C332_OR</subfield>
    <subfield code="7">0</subfield>
    <subfield code="9">96200</subfield>
    <subfield code="a">LBC</subfield>
    <subfield code="b">LBC</subfield>
    <subfield code="c">C332</subfield>
    <subfield code="d">2023-10-24</subfield>
    <subfield code="o">GEF JUN 2014 C332 Or.</subfield>
    <subfield code="p">A72874</subfield>
    <subfield code="r">2023-10-24</subfield>
    <subfield code="w">2023-10-24</subfield>
    <subfield code="y">REC</subfield>
  </datafield>
</record>
